| 000 | 00660nam a22001937a 4500 | ||
|---|---|---|---|
| 005 | 20220509163953.0 | ||
| 008 | 220509b ||||| |||| 00| 0 eng d | ||
| 040 | _cAL | ||
| 041 | _aKannada | ||
| 082 |
_223 _aK894.4 _bPARM |
||
| 100 |
_aS V Parameshwara Bhatta ಎಸ್ .ವಿ. ಪರಮೇಶ್ವರ ಭಟ್ಟ _935206 |
||
| 245 | _aMuddana kavi:Adbutha Ramayanam ಮುದ್ದಣ ಕವಿ :ಅದ್ಬುತ ರಾಮಾಯಣಂ | ||
| 260 |
_aMysuru _bSharadha Mandira _c1960 |
||
| 300 |
_a116 p. _bPB _c18x12 cm. |
||
| 365 |
_c₹ _d₹2.00 |
||
| 650 |
_aRamayanam _935207 |
||
| 700 |
_aPARAMESHWARA BHATTA (S V) _935208 |
||
| 942 |
_2ddc _cGF |
||
| 999 |
_c222851 _d222851 |
||